Notas de memoria : (Registro nro. 16332)
[ vista simple ]
| 000 -CABECERA | |
|---|---|
| Campo de control de longitud fija | 00640nam a2200193 i 4500 |
| 003 - IDENTIFICADOR DEL NÚMERO DE CONTROL | |
| Campo de control | CL-SaCFP |
| 005 - FECHA Y HORA DE LA ÚLTIMA TRANSACCIÓN | |
| Campo de control | 20260218155148.0 |
| 008 - CÓDIGOS DE INFORMACIÓN DE LONGITUD FIJA | |
| Campo de control de longitud fija | 231012s 000 0 spa |
| 015 ## - NÚMERO DE BIBLIOGRAFÍA NACIONAL | |
| Número de bibliografía nacional | cl-2023-xxxx |
| 020 ## - NÚMERO INTERNACIONAL NORMALIZADO PARA LIBROS (ISBN) | |
| Número Internacional Normalizado para Libros (ISBN) | 9789564150437 |
| 040 ## - FUENTE DE LA CATALOGACIÓN | |
| Centro transcriptor | CL |
| 099 ## - LOCAL FREE-TEXT CALL NUMBER (OCLC) | |
| Classification number | lbh/20231012 |
| 100 1# - PUNTO DE ACCESO PRINCIPAL - NOMBRE DE PERSONA | |
| Nombre de persona | Garretón, Óscar Guillermo |
| 245 10 - MENCIÓN DE TÍTULO | |
| Título | Notas de memoria : |
| Resto del título | 1973-2023 / |
| Mención de responsabilidad etc. | Óscar Guillermo Garretón |
| 250 ## - MENCIÓN DE EDICIÓN | |
| Mención de edición | Segunda edición : septiembre 2023 |
| 260 ## - PUBLICATION, DISTRIBUTION, ETC. (IMPRINT) | |
| Lugar de publicación distribución etc. | Santiago de Chile : |
| Nombre del editor distribuidor etc. | Editorial Catalonia Ltda., |
| Fecha de publicación distribución etc. | 2023 |
| Lugar de fabricación | ([Santiago, Chile] : |
| Fabricante | Salesianos Impresores S.A.) |
| 300 ## - DESCRIPCIÓN FÍSICA | |
| Extensión | 293 páginas : |
| Otras características físicas | ilustraciones ; |
| Dimensiones | 23 cm. |
| 942 ## - ENTRADA PARA ELEMENTOS AGREGADOS (KOHA) | |
| Fuente de clasificación o esquema de ordenación en estanterías | Dewey Decimal Classification |
| Koha [por defecto] tipo de item | Libros |
| Suprimido | Estado de pérdida | Fuente de clasificación o esquema de ordenación en estanterías | Estropeado | No para préstamo | Código de colección | Localización permanente | Localización actual | Localización en estanterías | Fecha de adquisición | Fuente de adquisición | Préstamos totales | Renovaciones totales | Código de barras | Fecha última consulta | Fecha último préstamo | Número de ejemplar | Fecha del precio de reemplazo | Tipo de item de Koha |
|---|---|---|---|---|---|---|---|---|---|---|---|---|---|---|---|---|---|---|
| Dewey Decimal Classification | Colección General | Biblioteca Central | Biblioteca Central | Colección General | 18/02/2026 | DL | 1 | 1 | 3563000054708 | 10/03/2026 | 18/02/2026 | c.1 | 18/02/2026 | Libros |